|
|
|
|
| LEADER |
00977nam a2200289 a 4500 |
| 001 |
GR-Patra7915 |
| 008 |
991022s enk 000 b eng d |
| 020 |
|
|
|a 0422792705
|
| 040 |
|
|
|a GrPaTEI
|b gre
|c GR-PaULI
|
| 245 |
0 |
0 |
|a Children in the middle :
|b living through divorce.
|
| 260 |
|
|
|a London :
|b Tavistock Publications,
|c c1985
|
| 300 |
|
|
|a ix,206σ.
|
| 650 |
|
0 |
|a CHILDREN
|
| 650 |
|
0 |
|a DIVORCE
|
| 650 |
|
0 |
|a Family
|
| 650 |
|
4 |
|a ΓΟΝΕΙΣ
|
| 650 |
|
4 |
|a ΔΙΑΖΥΓΙΟ
|
| 650 |
|
4 |
|a ΔΙΑΖΥΓΙΟ
|
| 650 |
|
4 |
|a Οικογένεια
|
| 650 |
|
4 |
|a Οικογενειακές σχέσεις
|
| 650 |
|
4 |
|a Παιδιά
|
| 700 |
1 |
|
|a Mitchell, Ann
|
| 710 |
0 |
|
|a Tavistock Publications
|
| 942 |
|
|
|2 ddc
|
| 952 |
|
|
|0 0
|1 0
|2 ddc
|4 0
|6 306_890000000000000_MIT
|7 0
|9 288985
|a LISK
|b LISK
|c BSC
|d 2021-01-17
|e 24
|f 0
|g 0.00
|l 0
|o 306.89 MIT
|p 92410011275
|r 2021-01-17 00:00:00
|t 1
|w 2021-01-17
|y BK15
|x 19991024 0 1
|x GrPaTEI
|
| 971 |
|
|
|a .b26554306
|b 15-04-20
|c 23-09-16
|
| 999 |
|
|
|c 168626
|d 168626
|